| 000 | 00405nam a2200169Ia 4500 | ||
|---|---|---|---|
| 003 | GCL | ||
| 008 | 140319s9999 xx 000 0 eng d | ||
| 040 |
_aGCL / _cGCL |
||
| 082 | 0 | 4 |
_a843 _bL C |
| 100 | 1 | _aCELINE | |
| 245 | 1 | 0 |
_aVOYAGE AU BOUT DE LA NUIT / _cCELINE |
| 260 |
_a[S.N] : _bLAROUSSE ، _c1989 |
||
| 300 | _a575 P | ||
| 650 | 0 | 4 | _aLITERATURE |
| 650 | 0 | 4 | _aFRENCH LITERATURE |
| 942 |
_2ddc _cBK |
||
| 999 |
_c24860 _d24860 |
||